Solvency II.

Pokračovanie príspevku z predchádzajúceho čísla. Hlavné ciele regulácie poistenia a zaistenia a dohľadu nad nimi.

Salvato in:
Dettagli Bibliografici
Autore principale: Kaššovič, Ján
Natura: Capitolo di libro
Lingua:slovacco
Soggetti:
Tags: Aggiungi Tag
Nessun Tag, puoi essere il primo ad aggiungerne!!

MARC

LEADER 00000nla$a2200000$$$4500
001 0112390
005 20231121082130.7
041 0 |a slo 
044 |a SK 
245 1 0 |a Solvency II.  |c Ján Kaššovič 
520 |a Pokračovanie príspevku z predchádzajúceho čísla. Hlavné ciele regulácie poistenia a zaistenia a dohľadu nad nimi. 
610 2 0 |a poistenie 
610 2 0 |a riadenie rizík 
610 2 0 |a dohľad bankový 
610 2 0 |a regulácia 
610 2 0 |a harmonizácia 
610 2 0 |a zaistenie 
100 1 |a Kaššovič, Ján